Λεξικό ελληνο-αραβικό
Αποθηκεύτηκε σε:
| Κύριος συγγραφέας: | |
|---|---|
| Άλλοι συγγραφείς: | |
| Μορφή: | Βιβλίο |
| Γλώσσα: | Greek Arabic |
| Δημοσίευση: |
Θεσσαλονίκη :
Κυριακίδης,
c1997.
|
| Θέματα: | |
| Ετικέτες: |
Προσθήκη ετικέτας
Δεν υπάρχουν, Καταχωρήστε ετικέτα πρώτοι!
|
MARC
| LEADER | 00000cam a2200000 i 4500 | ||
|---|---|---|---|
| 001 | 1/539 | ||
| 008 | 000404s1997 gr | ||| |||| ||gre|| | ||
| 020 | |a 960343423X | ||
| 020 | |a 9789606023736 | ||
| 035 | |l 10059697 | ||
| 040 | |a GR-MyUa |b gre |e AACR2 | ||
| 041 | 0 | |a gre |a ara | |
| 082 | 7 | |a 492.7389 |2 (22) | |
| 100 | 1 | |a Γλύτσης, Φίλιππος. | |
| 245 | 1 | 0 | |a Λεξικό ελληνο-αραβικό / |c Φιλίππου Γλύτση, Μωχάμαντ Α. Ραχμάν. |
| 260 | |a Θεσσαλονίκη : |b Κυριακίδης, |c c1997. | ||
| 300 | |a 439 σ. ; |c 25 εκ. | ||
| 500 | |a Το αντίτυπο του Παραρτήματος Ρόδου που ανήκει στη συλλογή Εύδοξος είναι επεξεργασμένη ανατύπωση του 2022. | ||
| 650 | 0 | 0 | |a Greek language |x Dictionaries |x Arabic. |
| 650 | 0 | 0 | |a Arabic language |x Dictionaries |x Greek. |
| 700 | 1 | |a Fiqī, Muḥammad ʻAbd al-Raḥmān. | |
| 852 | |a INST |b RHODES |e 20000404 |h 492.7389 ΓΛΥ |p 005400013634 |q 005400013634 |t REF |y 23 | ||
| 852 | |a INST |b RHODES |c EUDOXUS |e 20221221 |h 492.7389 ΓΛΥ |p 005400043197 |q 005400043197 |t EDX |y 0 | ||
| 901 | |a BIBL4-2000-1 | ||
| 920 | |a Εύδοξος |b Παραγγελία |y Ρόδος-ΤΜΣ |z 2022-12 | ||
| 922 | |a 4ΕΛΗ |b 200003 |c 94 |d ΠΑΠΑΣΩΤΗΡΙΟΥ | ||
| 970 | |z 2000/04/04 | ||